Operations Research an introduction (Record no. 64891)
[ view plain ]
| 000 -LEADER | |
|---|---|
| fixed length control field | 00720nam a22002177a 4500 |
| 003 - CONTROL NUMBER IDENTIFIER | |
| control field | NUST - PNEC |
| 005 - DATE AND TIME OF LATEST TRANSACTION | |
| control field | 20170116180858.0 |
| 008 - FIXED-LENGTH DATA ELEMENTS--GENERAL INFORMATION | |
| fixed length control field | 150831b xxu||||| |||| 00| 0 eng d |
| 020 ## - INTERNATIONAL STANDARD BOOK NUMBER | |
| International Standard Book Number | 9788131785942 |
| 020 ## - INTERNATIONAL STANDARD BOOK NUMBER | |
| International Standard Book Number | 9789332518223 |
| 040 ## - CATALOGING SOURCE | |
| Transcribing agency | LIBRARY |
| 082 ## - DEWEY DECIMAL CLASSIFICATION NUMBER | |
| Classification number | 658.403405 TAH |
| 100 ## - MAIN ENTRY--PERSONAL NAME | |
| 9 (RLIN) | 6169 |
| Personal name | Taha, Hamdy A. |
| 245 ## - TITLE STATEMENT | |
| Title | Operations Research an introduction |
| Statement of responsibility, etc. | Hamdy A. Taha |
| 250 ## - EDITION STATEMENT | |
| Edition statement | 9th ed. |
| 260 ## - PUBLICATION, DISTRIBUTION, ETC. | |
| Date of publication, distribution, etc. | c 2012 |
| 300 ## - PHYSICAL DESCRIPTION | |
| Extent | 816 p. : |
| 650 ## - SUBJECT ADDED ENTRY--TOPICAL TERM | |
| 9 (RLIN) | 6170 |
| Topical term or geographic name entry element | Management information science |
| General subdivision | MIS |
| Topical term following geographic name entry element | Operation research |
| 856 ## - ELECTRONIC LOCATION AND ACCESS | |
| Uniform Resource Identifier | <a href="http://www.amazon.com/Operations-Research-Introduction-Hamdy-Taha/dp/933251822X/ref=sr_1_1?s=books&ie=UTF8&qid=1455691967&sr=1-1&keywords=9789332518223">http://www.amazon.com/Operations-Research-Introduction-Hamdy-Taha/dp/933251822X/ref=sr_1_1?s=books&ie=UTF8&qid=1455691967&sr=1-1&keywords=9789332518223</a> |
| 942 ## - ADDED ENTRY ELEMENTS (KOHA) | |
| Source of classification or shelving scheme | |
| Koha item type | Book |
| Withdrawn status | Lost status | Source of classification or shelving scheme | Damaged status | Not for loan | Permanent Location | Current Location | Shelving location | Date acquired | Total Checkouts | Full call number | Barcode | Date last seen | Date last checked out | Price effective from | Koha item type | Source of acquisition | Cost, normal purchase price | Cost, replacement price |
|---|---|---|---|---|---|---|---|---|---|---|---|---|---|---|---|---|---|---|
| Pakistan Navy Engineering College (PNEC) | Pakistan Navy Engineering College (PNEC) | 1 | 658.403405 TAH | PNECLIB-031516 | 01/22/2016 | 01/22/2016 | Book | |||||||||||
| Pakistan Navy Engineering College (PNEC) | Pakistan Navy Engineering College (PNEC) | 1 | 658.403405 TAH | PNECLIB-031517 | 01/15/2016 | 01/15/2016 | Book | |||||||||||
| Pakistan Navy Engineering College (PNEC) | Pakistan Navy Engineering College (PNEC) | 658.403405 TAH | PNECLIB-031518 | 10/27/2015 | Book | |||||||||||||
| Pakistan Navy Engineering College (PNEC) | Pakistan Navy Engineering College (PNEC) | 12/07/2015 | 658.403405 TAH | PNECLIB-032474 | 02/17/2016 | 12/07/2015 | Book | ZS Book Agency / Lib Grant | 845.75 | 845.75 |
